Efficient Gossip Algorithms for Machine Learning

Elmentve itt :
Bibliográfiai részletek
Szerző: Danner Gábor
További közreműködők: Jelasity Márk (Témavezető)
Dokumentumtípus: Disszertáció
Megjelent: 2022-09-01
Tárgyszavak:
doi:10.14232/phd.11135

mtmt:34132610
Online Access:http://doktori.ek.szte.hu/11135
LEADER 00940nta a2200229 i 4500
001 dokt11135
005 20230908154058.0
008 220124s2022 hu om 0|| eng d
024 7 |a 10.14232/phd.11135  |2 doi 
024 7 |a 34132610  |2 mtmt 
040 |a SZTE Doktori Repozitórium  |b hun 
041 |a eng 
100 1 |a Danner Gábor 
245 1 0 |a Efficient Gossip Algorithms for Machine Learning  |h [elektronikus dokumentum] /  |c  Danner Gábor 
246 1 0 |a Hatékony Pletyka Algoritmusok a Gépi Tanulásban  |h [elektronikus dokumentum] 
260 |c 2022-09-01 
502 |a Disszertacio 
650 4 |a informatikai tudományok 
650 4 |a Gépi tanulás, statisztikus adatfeldolgozás, jelfeldolgozáson alapuló alkalmazások 
700 1 |a Jelasity Márk  |e ths 
856 4 0 |u https://doktori.bibl.u-szeged.hu/id/eprint/11135/1/thesis.pdf  |z Dokumentum-elérés  
856 4 0 |u https://doktori.bibl.u-szeged.hu/id/eprint/11135/2/theses.pdf  |z Dokumentum-elérés